Kingdom Countries (Full Names) - Statistics

General Stats
  • This quiz has been taken 121 times
  • The average score is 6 of 17
Answer Stats
Country % Correct
Sweden
62%
Spain
61%
Denmark
59%
Netherlands
59%
Norway
59%
United Kingdom
59%
Saudi Arabia
53%
Belgium
49%
Thailand
37%
Lesotho
25%
Cambodia
23%
Swaziland
23%
Tonga
16%
Jordan
11%
Bahrain
0%
Bhutan
0%
Morocco
0%
No matching quizzes found
Score Distribution
Percent of People with Each Score
Percentile by Number Answered
Your Score History
You have not taken this quiz